TSA Approved Carry-On Items Quiz Stats

Quiz Updated Oct 28, 2014

Challenge
Share
Tweet
Embed
Score 0/28 Timer 04:00
1 Play Today
% Correct
DVD Players
93.4%
Pencils
91.6%
Duct Tape
89.8%
Empty Water Bottles
89.4%
Umbrellas
86.1%
Onions
85.8%
Pies
85.7%
Tennis Rackets
85.3%
Bungee Cords
84.1%
Tweezers
83.5%
Eyeglass Screwdrivers
82.2%
Urns
81.5%
Bowling Balls
81.3%
Nail Files
79%
% Correct
Dinner Forks
76.4%
Steel Toe Boots
76.4%
Disposable Razors
74.7%
Parachutes
72.9%
Non-Realistic Toy Weapons
72.9%
Fishing Rods
72.6%
Knitting Needles
72.5%
Can Openers
71.2%
Cigar Cutters
62.2%
Corkscrews
61.2%
Handcuffs
56.8%
Ice Skates
55.4%
Safety Matches
53.2%
Monkeys
50.1%

You're not logged in!

Compare scores with friends on all Sporcle quizzes.
Join for Free
OR
Log In

You Might Also Like...

Show Comments

Extras

Top Quizzes Today


Score Distribution

Your Account Isn't Verified!

In order to create a playlist on Sporcle, you need to verify the email address you used during registration. Go to your Sporcle Settings to finish the process.

Report this User

Report this user for behavior that violates our Community Guidelines.

Details: